00431nam a2200121Ia 4500008004100000050002000041082002400061100002900085245008100114260002300195300001900218650007200237121101s9999 xx 000 0 und d aPN4731 G66 1998 a001.42 G643m 1998 aGonzález Reyna, Sasana aManual de Redacción e Investigación Documnetal / Susana González Reyna aMéxico : TRILLAS a204 p. / 23 cm a1. MÉTODOS DE INVESTIGACIÓN 2. INVESTIGACIÓN-METODOLOGÍAÌ